American Book Publishing Record Cumulative
| Format: | Journal |
|---|---|
| Language: | English |
| Published: |
New York
R. R. Bowker Company
|
MARC
| LEADER | 00000cas a2200000 a 4500 | ||
|---|---|---|---|
| 001 | vtls001429097 | ||
| 003 | SK-MaSNL | ||
| 005 | 20260221113829.0 | ||
| 008 | 210928duuuuuuuuxxu x p 0 0 0eng c | ||
| 035 | |a SNK000384101 | ||
| 040 | |a SNK |b slo |c SNK |e AACR2 | ||
| 041 | 0 | |a eng | |
| 044 | |a xxu |c US | ||
| 245 | 0 | 0 | |a American Book Publishing Record Cumulative |
| 260 | |a New York |b R. R. Bowker Company | ||
| 300 | |a zv. |c cm | ||
| 910 | |a snk | ||
| 958 | |a OND | ||
| 999 | |c 2811 |d 4741 | ||
| 952 | |0 0 |1 1 |4 0 |7 0 |a SNK |b SNK |d 2002-02-13 |l 0 |o snkČB 4802/1987 |p 17A0333138 |r 2005-01-02 00:00:00 |w 2026-02-21 |y PREZ | ||


